000 00599nam a2200193 4500
003 DO-SdBNP
005 20180510142651.0
008 161206b2004 fr||||| |||| 00| 0 spa d
020 _a9782215086239
040 _aBPMSU
_bspa
_cBPMSU
100 _aHublet, Christophe
240 _aLa petite imagerie
245 _aEl cuerpo humano /
_cChristophe Hublet ; Émilie Beaumont; ilustraciones Catherine Ferrier; traducción Addenda
260 _aParis :
_bFleurus Panini ,
_c2004
300 _a12 p. :
_bil. :
_c21 cm
942 _2ddc
_cBK
945 _aInventariado, 2018/MFF
956 _adgarcia
999 _c12299
_d12299